IXa. Conferencia Regional de Comisiones Nacionales de la Unesco de América Latina y el Caribe (Record no. 213954)

MARC details
000 -CABECERA
campo de control de longitud fija 00831nam a22001937a 4500
003 - IDENTIFICADOR DEL NÚMERO DE CONTROL
campo de control MX-MxUPN
005 - FECHA Y HORA DE LA ÚLTIMA TRANSACCIÓN
campo de control 20250930121130.0
008 - ELEMENTOS DE LONGITUD FIJA--INFORMACIÓN GENERAL
campo de control de longitud fija 250902s1989 mx ||||fr|||| 100 0 spa d
040 ## - FUENTE DE LA CATALOGACIÓN
Centro catalogador/agencia de origen MX-MxUPN
Lengua de catalogación spa
Centro/agencia transcriptor MxUPN
050 14 - SIGNATURA TOPOGRÁFICA DE LA BIBLIOTECA DEL CONGRESO
Número de clasificación LB2301
Número de documento/Ítem C6 1989
111 ## - ASIENTO PRINCIPAL--NOMBRE DE REUNION
Nombre de congreso/reunión o jurisdicción como elemento de entrada Conferencia Regional de Comisiones Nacionales de la Unesco de América Latina y el Caribe
Número del congreso/reunión o número de parte o sección (9a.:
Fecha del congreso/reunión 1989:
Sede del congreso/Lugar de la reunión Río de Janeiro)
9 (RLIN) 58039
245 10 - MENCIÓN DE TÍTULO
Título IXa. Conferencia Regional de Comisiones Nacionales de la Unesco de América Latina y el Caribe
260 ## - PUBLICACIÓN, DISTRIBUCIÓN, ETC.
Lugar de publicación, distribución, etc. México :
Nombre del editor, distribuidor, etc. Comisión Nacional de los Estados Unidos Mexicanos para la Unesco, Secretaría General,
Fecha de publicación, distribución, etc. 1989.
300 ## - DESCRIPCIÓN FÍSICA
Extensión 1 volumen en varias páginaciones
610 24 - ASIENTO SECUNDARIO DE MATERIA - NOMBRE CORPORATIVO
Nombre de entidad corporativa o nombre de jurisdicción como elemento de entrada Unesco
Subdivisión geográfica America Latina
Subdivisión de forma Congresos
9 (RLIN) 56465
650 14 - ASIENTO SECUNDARIO DE MATERIA - TERMINO TEMATICO
Término de materia o nombre geográfico como elemento de entrada Educación
Subdivisión de forma Congresos
9 (RLIN) 6108
902 ## - ELEMENTOS DE DATOS B LOCAL, LDB (RLIN)
Creó Berenice Martínez/020825
942 ## - ELEMENTOS DE PUNTO DE ACCESO ADICIONAL (KOHA)
Fuente del sistema de clasificación o colocación Library of Congress Classification
Tipo de ítem Koha Libro
Holdings
Estado de retiro Estado de pérdida Fuente del sistema de clasificación o colocación Estado dañado No para préstamo Código de colección Localización permanente Ubicación/localización actual Ubicación en estantería Fecha de adquisición Total de préstamos Clasificación Código de barras Fecha visto por última vez Precio válido a partir de Tipo de ítem Koha
    Library of Congress Classification   Disponible (Préstamo en sala) UNESCO Bib. Gregorio Torres Quintero Bib. Gregorio Torres Quintero Colecciones especiales Planta alta 02/09/2025   LB2301 C6 1989 U10250 02/09/2025 02/09/2025 Libro